Jubilejná Letná škola prekladu

Bibliographic Details
Main Author: Chrenková, Edita, 1936-2023 (Author)
Format: Article
Language:Slovak
ISSN:0231-6269
Subjects:

MARC

LEADER 00000nab a2200000 a 4500
001 vtls000686777
003 SK-MaSNL
005 20260305032859.0
008 250425c1998 xo 0 slo
015 |a SNBRB1999/03-07379 
035 |a CLN000038944 
035 |a urn:nbn:sk:snk-abbshb 
035 |a (urnnbn)urn:nbn:sk:snk:ar-004p56 
035 |a (uuid)e55ce8f8-0017-488b-94bb-6610d5358ae3 
040 |a SNKBUCL  |b slo  |c SNKBUCL  |e AACR2 
041 0 |a slo 
044 |a xo  |c SK 
080 |a 82.035:061.3  |2 1997 
080 |a 82:061.3  |2 1997 
100 1 |a Chrenková, Edita,  |d 1936-2023  |4 aut  |9 102588 
245 1 0 |a Jubilejná Letná škola prekladu  |c Edita Chrenková 
611 1 7 |a Letná škola prekladu  |n 20.  |d 1998  |c Budmerice, Slovensko  |2 snkbucl  |9 1612689 
648 7 |a 1998  |2 snkbucl  |9 282348 
650 0 7 |a literárny preklad  |2 snkbucl  |9 28595 
650 0 7 |a odborný preklad  |2 snkbucl  |9 73828 
651 7 |a Pezinok (Slovensko : okres)  |2 snkbucl  |9 71003 
655 7 |a články z novín a časopisov  |2 snkbucl  |9 267496 
773 0 |t Revue svetovej literatúry  |g Roč. 34, č. 4 (1998), s. 2-3 obál.  |x 0231-6269 
850 |a Slovenská národná knižnica 
852 |a Slovenská národná knižnica 
958 |a article15 
958 |a LX 
958 |a OND 
958 |a EUIPO 
992 |a RBX 
999 |c 3322016  |d 3323946